000 00990nam a2200253Ia 4500
003 OSt
005 20221005111458.0
006 a|||||r|||| 00| 0
007 ta
008 221004b |||||||| |||| 00| 0 hin d
024 _a109971
037 _cTextual
040 _aCRL
_cCRL
_bhin
041 _2hin
_ahin
082 _aV2,51wM92, 152N9
100 _aदेसाई, नारायण
245 0 _aअग्निकुंड में खिला गुलाब
_b महादेवभाई की जीवनी
246 _aAgnikuanḍa mean khilā gulāba: mahādevabhāī kī jīvanī
260 _aनई दिल्ली
_bसाहित्य अकादमी भारत
_c1999
300 _a850पृ0
_ccm.
700 _a देसाई, कुरंगी, अनु.
942 _hV2,51wM92, 152N9
_cTEXL
_2cc
999 _c1021966
_d1021966